000 00344nam a2200145 i 4500
001 bg
100 1 _aNADAI, A.
245 0 _aDie elastischen Platten /
_cA. Nadai.
260 _aBerlin :
_bVerlag von Julius Springer,
_c1968.
040 _cBPK
041 _apol
080 _a620.1
942 _cKS
008 s pl f |000 0 pol
999 _c11777
_d11777
856 _uhttp://koha.tu.koszalin.pl/cgi-bin/koha/opac-detail.pl?biblionumber=11777
_yKatalog online BPK